[Event "17. Open de Sants Hostafrancs 2015"]
[Site "Barcelona ESP"]
[Date "2015.08.25"]
[Round "5.22"]
[White "Cervello Tost, Ferran"]
[Black "Aloma Vidal, Robert"]
[Result "0-1"]
[WhiteElo "2303"]
[BlackElo "2454"]
[PlyCount "76"]
[EventDate "2015.08.21"]
[EventType "swiss"]
[EventRounds "10"]
[EventCountry "ESP"]
[SourceTitle "Ajedrez en Madrid"]
[Source "lmi"]
[SourceDate "2015.08.21"]

1. Nf3 g6 2. g3 Bg7 3. Bg2 e5 4. d3 d5 5. O-O Ne7 6. e4 O-O 7. Nc3 c6 8. h3 h6
9. a4 f5 10. exd5 cxd5 11. d4 e4 12. Ne5 Nbc6 13. Nxc6 bxc6 14. Ne2 g5 15. h4
f4 16. gxf4 gxh4 17. Ra3 Bg4 18. Bh3 Bf3 19. Kh2 Qd6 20. Rg1 Ng6 21. Qd2 Rae8
22. Qe3 Re7 23. Bd2 Bxe2 24. Qxe2 Nxf4 25. Bxf4 Qxf4+ 26. Kh1 Qxf2 27. Qh5 e3
28. Raa1 e2 29. Qxh6 Qf3+ 30. Bg2 Bxh6 31. Bxf3+ Kh7 32. Bg2 Bd2 33. Rge1 Bxe1
34. Rxe1 Re3 35. Kh2 Rf2 36. Kg1 Rf4 37. c4 Rg3 38. cxd5 h3 0-1

[Event "17. Open de Sants Hostafrancs 2015"]
[Site "Barcelona ESP"]
[Date "2015.08.25"]
[Round "5.23"]
[White "Cruz, Jonathan"]
[Black "Ruiz Mata, Oscar"]
[Result "1/2-1/2"]
[WhiteElo "2450"]
[BlackElo "2290"]
[PlyCount "141"]
[EventDate "2015.08.21"]
[EventType "swiss"]
[EventRounds "10"]
[EventCountry "ESP"]
[SourceTitle "Ajedrez en Madrid"]
[Source "lmi"]
[SourceDate "2015.08.21"]

1. Nf3 d5 2. c4 c6 3. e3 e6 4. b3 Be7 5. Bb2 Bf6 6. Nc3 Ne7 7. Qc2 Nd7 8. Bd3
a6 9. Na4 Ng6 10. Nd4 Nb6 11. Nxb6 Qxb6 12. h4 Ne5 13. Be2 Qd8 14. c5 h6 15. h5
Nd7 16. a3 O-O 17. b4 Qe7 18. O-O Bxd4 19. exd4 Qh4 20. g3 Qg5 21. Qd3 Nf6 22.
Qe3 Ne4 23. Qxg5 Nxg5 24. f3 Bd7 25. a4 f6 26. Rae1 Be8 27. g4 Nh3+ 28. Kh2 Nf4
29. Bc3 Nxe2 30. Rxe2 Bd7 31. f4 Rae8 32. Kg3 Kf7 33. Rfe1 Rg8 34. Kf3 Rh8 35.
Rh2 Reg8 36. d3 Re8 37. Bd2 Ra8 38. Rg1 Rag8 39. g5 hxg5 40. fxg5 Ke7 41. Bf4
Be8 42. g6 Bd7 43. Bd6+ Kd8 44. h6 Rxh6 45. Rxh6 gxh6 46. g7 Ke8 47. Bf8 Kf7
48. Kf4 Be8 49. Rh1 Kg6 50. Ke3 Bd7 51. Kd2 Be8 52. Kc3 Bd7 53. Re1 Kf7 54. Re3
Be8 55. Kd2 Bd7 56. Re1 Be8 57. Ke3 Bd7 58. Kf4 Kg6 59. b5 cxb5 60. axb5 axb5
61. Ra1 h5 62. Ra8 Rxg7 63. Bxg7 Kxg7 64. Ra2 Kg6 65. Rg2+ Kh7 66. Kg3 Kg6 67.
Kh4+ Kf5 68. Rf2+ Kg6 69. Rg2+ Kf5 70. Rf2+ Kg6 71. Rg2+ 1/2-1/2

[Event "17. Open de Sants Hostafrancs 2015"]
[Site "Barcelona ESP"]
[Date "2015.08.25"]
[Round "5.24"]
[White "Congiu, Mathilde"]
[Black "Arenas, David"]
[Result "0-1"]
[WhiteElo "2301"]
[BlackElo "2439"]
[PlyCount "74"]
[EventDate "2015.08.21"]
[EventType "swiss"]
[EventRounds "10"]
[EventCountry "ESP"]
[SourceTitle "Ajedrez en Madrid"]
[Source "lmi"]
[SourceDate "2015.08.21"]

1. e4 c5 2. Nf3 d6 3. Bb5+ Bd7 4. c4 Nc6 5. Nc3 Nf6 6. O-O g6 7. Bxc6 Bxc6 8.
d4 cxd4 9. Nxd4 Bg7 10. Re1 O-O 11. b3 Qa5 12. Bb2 Rfe8 13. Nd5 Nd7 14. Bc3 Qd8
15. Qd2 Rc8 16. Rad1 Nc5 17. Qb2 e5 18. Nc2 b5 19. Na3 a6 20. Qe2 Rb8 21. cxb5
axb5 22. Nc2 Ra8 23. Ncb4 Bd7 24. Nd3 Ne6 25. Rc1 Ra7 26. f4 Bc6 27. Qf2 Qa8
28. Nb6 Qb7 29. fxe5 Bxe4 30. Nb4 dxe5 31. N6d5 f5 32. Rcd1 Raa8 33. Nb6 Rad8
34. Rxd8 Rxd8 35. a4 Bf8 36. a5 Bc5 37. Re3 f4 0-1

[Event "17. Open de Sants Hostafrancs 2015"]
[Site "Barcelona ESP"]
[Date "2015.08.25"]
[Round "5.25"]
[White "Jaksland, Tim"]
[Black "Rios, Cristhian Camilo"]
[Result "0-1"]
[WhiteElo "2292"]
[BlackElo "2435"]
[PlyCount "68"]
[EventDate "2015.08.21"]
[EventType "swiss"]
[EventRounds "10"]
[EventCountry "ESP"]
[SourceTitle "Ajedrez en Madrid"]
[Source "lmi"]
[SourceDate "2015.08.21"]

1. Nf3 Nf6 2. c4 g6 3. Nc3 Bg7 4. g3 O-O 5. Bg2 d6 6. d4 Nc6 7. O-O Bg4 8. Ne1
Qd7 9. Nc2 Bh3 10. e4 Bxg2 11. Kxg2 a6 12. f3 Na5 13. Qe2 c5 14. dxc5 dxc5 15.
e5 Ne8 16. Rd1 Qe6 17. Rd5 b6 18. Bf4 Nc7 19. Rad1 g5 20. Bxg5 Nxd5 21. cxd5
Qxe5 22. Qxe5 Bxe5 23. Bxe7 Rfe8 24. d6 Nc6 25. Nd5 Bxb2 26. Nc7 Nxe7 27. Nxa8
Nc6 28. Nxb6 Re2+ 29. Kh3 Rxc2 30. d7 Bd4 31. Nd5 Kg7 32. Rxd4 cxd4 33. Nb4 Rc5
34. Nxc6 Rd5 0-1

[Event "17. Open de Sants Hostafrancs 2015"]
[Site "Barcelona ESP"]
[Date "2015.08.25"]
[Round "5.26"]
[White "Munoz Pantoja, Miguel"]
[Black "Mateus, Alejandro"]
[Result "1/2-1/2"]
[WhiteElo "2434"]
[BlackElo "2283"]
[PlyCount "102"]
[EventDate "2015.08.21"]
[EventType "swiss"]
[EventRounds "10"]
[EventCountry "ESP"]
[SourceTitle "Ajedrez en Madrid"]
[Source "lmi"]
[SourceDate "2015.08.21"]

1. e4 c5 2. Nf3 e6 3. c4 Nc6 4. Nc3 Nf6 5. Be2 d5 6. exd5 exd5 7. cxd5 Nxd5 8.
O-O Nc7 9. b3 Be7 10. Ba3 O-O 11. d4 cxd4 12. Bxe7 Qxe7 13. Nxd4 Nxd4 14. Qxd4
Rd8 15. Qf4 Ne6 16. Qe3 Qc5 17. Qxc5 Nxc5 18. Rfd1 Bf5 19. Bf3 Rac8 20. Nb5 Bd3
21. Nxa7 Ra8 22. Rac1 Ne6 23. Nc8 Rxa2 24. Bxb7 Nd4 25. Rxd3 Ne2+ 26. Kf1 Rxd3
27. Re1 Rd7 28. Bf3 Rc7 29. Bxe2 Rxc8 30. Bc4 Kf8 31. Rd1 Rc7 32. h4 Rca7 33.
Rd8+ Ke7 34. Rd3 Rb2 35. g4 f6 36. Kg2 Raa2 37. Re3+ Kd6 38. Rf3 Ke5 39. Kg3
Ra1 40. Rd3 Raa2 41. Rd5+ Ke6 42. Rh5+ Kd6 43. Rxh7 g6 44. f4 Rc2 45. Kf3 f5
46. gxf5 gxf5 47. Ke3 Rh2 48. Kd4 Rad2+ 49. Ke3 Ra2 50. Kd4 Rad2+ 51. Ke3 Ra2
1/2-1/2

[Event "17. Open de Sants Hostafrancs 2015"]
[Site "Barcelona ESP"]
[Date "2015.08.25"]
[Round "5.27"]
[White "Domingo Nunez, Ruben"]
[Black "Pulvett Marin, Daniel"]
[Result "1/2-1/2"]
[WhiteElo "2281"]
[BlackElo "2434"]
[PlyCount "77"]
[EventDate "2015.08.21"]
[EventType "swiss"]
[EventRounds "10"]
[EventCountry "ESP"]
[SourceTitle "Ajedrez en Madrid"]
[Source "lmi"]
[SourceDate "2015.08.21"]

1. e4 c5 2. Nf3 e6 3. d4 cxd4 4. c3 d5 5. exd5 Qxd5 6. cxd4 Nf6 7. Be2 Be7 8.
Nc3 Qd6 9. O-O Nc6 10. Be3 O-O 11. Qd2 Nb4 12. Ne5 Nbd5 13. Rac1 a6 14. Bf3 b5
15. Nc6 Nxe3 16. Qxe3 Bb7 17. Nxe7+ Qxe7 18. d5 b4 19. d6 Qd7 20. Bxb7 Qxb7 21.
Na4 Rad8 22. Nc5 Qb6 23. Ne4 Qxe3 24. Nxf6+ gxf6 25. fxe3 Rxd6 26. Rxf6 Rd2 27.
Rf2 Rfd8 28. Re1 Kg7 29. Kf1 a5 30. Rxd2 Rxd2 31. Re2 Rd1+ 32. Re1 Rd2 33. Re2
Rd1+ 34. Re1 Rxe1+ 35. Kxe1 Kf6 36. Ke2 Ke5 37. Kd3 f5 38. g3 h6 39. b3 1/2-1/2

[Event "17. Open de Sants Hostafrancs 2015"]
[Site "Barcelona ESP"]
[Date "2015.08.25"]
[Round "5.28"]
[White "Abergel, Thal"]
[Black "Garcia Trobat, Francisco"]
[Result "1-0"]
[WhiteElo "2433"]
[BlackElo "2273"]
[PlyCount "65"]
[EventDate "2015.08.21"]
[EventType "swiss"]
[EventRounds "10"]
[EventCountry "ESP"]
[SourceTitle "Ajedrez en Madrid"]
[Source "lmi"]
[SourceDate "2015.08.21"]

1. e4 c5 2. Nf3 d6 3. Bc4 Nc6 4. d4 cxd4 5. Nxd4 Nf6 6. Nc3 Qb6 7. Ndb5 Bg4 8.
f3 Be6 9. Bxe6 fxe6 10. Qe2 e5 11. Nd1 Nd4 12. Nxd4 exd4 13. Nf2 g6 14. Nd3 Rc8
15. h4 Nh5 16. Rh3 e5 17. g4 Nf4 18. Bxf4 exf4 19. O-O-O Bg7 20. g5 Be5 21. h5
Kd7 22. Rdh1 Qa5 23. Kb1 Kc7 24. hxg6 hxg6 25. Rxh8 Bxh8 26. Nxf4 Qe5 27. Nxg6
Qxg5 28. Nxh8 Rxh8 29. Qc4+ Kd7 30. Qf7+ Kc6 31. Qd5+ Kc7 32. Qxg5 Rxh1+ 33.
Qc1 1-0

[Event "17. Open de Sants Hostafrancs 2015"]
[Site "Barcelona ESP"]
[Date "2015.08.25"]
[Round "5.29"]
[White "Guerrero Sierra, Juan Carlos"]
[Black "Wegerle, Joerg"]
[Result "1/2-1/2"]
[WhiteElo "2275"]
[BlackElo "2430"]
[PlyCount "51"]
[EventDate "2015.08.21"]
[EventType "swiss"]
[EventRounds "10"]
[EventCountry "ESP"]
[SourceTitle "Ajedrez en Madrid"]
[Source "lmi"]
[SourceDate "2015.08.21"]

1. e4 c5 2. Nf3 Nc6 3. d4 cxd4 4. Nxd4 e5 5. Nb5 d6 6. N1c3 a6 7. Na3 Be7 8.
Be3 Nf6 9. Nd5 Nxd5 10. exd5 Nd4 11. Nc4 b5 12. Bxd4 exd4 13. Nd2 Bb7 14. a4
O-O 15. Bd3 g6 16. O-O Bxd5 17. axb5 axb5 18. Bxb5 Rxa1 19. Qxa1 Qb6 20. Bc4
Bxc4 21. Nxc4 Qc6 22. b3 d5 23. Ne5 Qxc2 24. Qxd4 Bf6 25. Qxd5 Bxe5 26. Qxe5
1/2-1/2

[Event "17. Open de Sants Hostafrancs 2015"]
[Site "Barcelona ESP"]
[Date "2015.08.25"]
[Round "5.30"]
[White "Minko, Vladimir"]
[Black "Cori T., Deysi"]
[Result "1/2-1/2"]
[WhiteElo "2268"]
[BlackElo "2426"]
[PlyCount "87"]
[EventDate "2015.08.21"]
[EventType "swiss"]
[EventRounds "10"]
[EventCountry "ESP"]
[SourceTitle "Ajedrez en Madrid"]
[Source "lmi"]
[SourceDate "2015.08.21"]

1. d4 Nf6 2. c4 e6 3. g3 Bb4+ 4. Bd2 c5 5. Bxb4 cxb4 6. Bg2 O-O 7. e4 d6 8. Ne2
Qc7 9. Nd2 e5 10. h3 exd4 11. Nxd4 Qc5 12. Ne2 Nc6 13. O-O a5 14. Nf4 a4 15.
Nd5 Nxd5 16. exd5 Ne5 17. Ne4 Qxc4 18. Nxd6 Qa6 19. Ne4 Qg6 20. Re1 Qb6 21. Rc1
Bf5 22. Nc5 Nd7 23. Nxd7 Bxd7 24. d6 Be6 25. Rc7 Ra7 26. b3 axb3 27. axb3 h6
28. Re4 Ra3 29. Qd4 Qxd4 30. Rxd4 Rd8 31. d7 Kf8 32. Rxb4 Rxb3 33. Rxb3 Bxb3
34. Rc8 Ke7 35. Rxd8 Kxd8 36. Bxb7 Kxd7 37. Bf3 f5 38. Kf1 Ke6 39. h4 Ke5 40.
Ke2 f4 41. Ba8 g5 42. hxg5 hxg5 43. gxf4+ Kxf4 44. f3 1/2-1/2

[Event "17. Open de Sants Hostafrancs 2015"]
[Site "Barcelona ESP"]
[Date "2015.08.25"]
[Round "5.31"]
[White "Martinez Lopez, Ivan"]
[Black "Mascaro March, Pedro"]
[Result "0-1"]
[WhiteElo "2267"]
[BlackElo "2414"]
[PlyCount "114"]
[EventDate "2015.08.21"]
[EventType "swiss"]
[EventRounds "10"]
[EventCountry "ESP"]
[SourceTitle "Ajedrez en Madrid"]
[Source "lmi"]
[SourceDate "2015.08.21"]

1. c4 Nf6 2. g3 c6 3. Bg2 d5 4. Nf3 dxc4 5. O-O Nbd7 6. Qc2 Nb6 7. Na3 Qd5 8.
b3 cxb3 9. axb3 Be6 10. Rb1 g6 11. d3 Bg7 12. Ng5 Qd7 13. Nxe6 Qxe6 14. Nc4 O-O
15. Na5 Qd7 16. Bd2 Ne8 17. Rfc1 Nd6 18. b4 Rac8 19. Qa2 Nb5 20. Nc4 Nd5 21.
Qc2 Rfd8 22. e3 e5 23. Qb3 Nb6 24. Nb2 Kh8 25. Bc3 f5 26. Rd1 Qe7 27. Rbc1 Nxc3
28. Qxc3 Nd5 29. Bxd5 Rxd5 30. Na4 Rcd8 31. Nc5 h5 32. Qb3 h4 33. e4 R5d6 34.
exf5 gxf5 35. Qc2 b6 36. Nb3 Qg5 37. Qe2 Qg4 38. f3 Qxb4 39. Rb1 hxg3 40. hxg3
Qc3 41. Nc1 e4 42. fxe4 fxe4 43. Qxe4 Qd4+ 44. Qxd4 Bxd4+ 45. Kg2 Rf8 46. Rd2
Rdf6 47. Nb3 Be3 48. Re2 Rf2+ 49. Rxf2 Rxf2+ 50. Kh3 a5 51. Re1 a4 52. Rxe3
axb3 53. d4 b2 54. Rb3 c5 55. Rxb6 c4 56. Kg4 c3 57. Kg5 c2 0-1

[Event "17. Open de Sants Hostafrancs 2015"]
[Site "Barcelona ESP"]
[Date "2015.08.25"]
[Round "5.32"]
[White "Mingarro Carceller, Sergi"]
[Black "Kobo, Ori"]
[Result "1/2-1/2"]
[WhiteElo "2255"]
[BlackElo "2412"]
[PlyCount "80"]
[EventDate "2015.08.21"]
[EventType "swiss"]
[EventRounds "10"]
[EventCountry "ESP"]
[SourceTitle "Ajedrez en Madrid"]
[Source "lmi"]
[SourceDate "2015.08.21"]

1. e4 e5 2. Nf3 Nc6 3. d4 exd4 4. Nxd4 Bc5 5. Nxc6 bxc6 6. Bd3 d6 7. O-O Nf6 8.
Bg5 h6 9. Bh4 g5 10. Bg3 h5 11. h3 h4 12. Bh2 g4 13. e5 g3 14. exf6 Qxf6 15.
Kh1 gxh2 16. Nd2 Bb6 17. a4 a5 18. Ra3 d5 19. c4 Kf8 20. Bb1 Be6 21. Rf3 Qg5
22. g4 hxg3 23. Rxg3 Qf4 24. Rf3 Qg5 25. Re1 Bxh3 26. Rg3 Qh5 27. Nf3 Bxf2 28.
Rg5 Qh6 29. Ree5 Be6 30. Qf1 Bg1 31. Bf5 Re8 32. Bxe6 Rxe6 33. cxd5 cxd5 34.
Rxd5 Qh3 35. Qd3 Qh7 36. Rd8+ Ke7 37. Rd7+ Ke8 38. Rd8+ Ke7 39. Rd7+ Ke8 40.
Rd8+ Ke7 1/2-1/2

[Event "17. Open de Sants Hostafrancs 2015"]
[Site "Barcelona ESP"]
[Date "2015.08.25"]
[Round "5.33"]
[White "Boix Moreno, Daniel"]
[Black "Ootes, Lars"]
[Result "0-1"]
[WhiteElo "2253"]
[BlackElo "2400"]
[PlyCount "112"]
[EventDate "2015.08.21"]
[EventType "swiss"]
[EventRounds "10"]
[EventCountry "ESP"]
[SourceTitle "Ajedrez en Madrid"]
[Source "lmi"]
[SourceDate "2015.08.21"]

1. e4 d6 2. d4 Nf6 3. Nc3 g6 4. Be3 c6 5. h3 Bg7 6. f4 O-O 7. Nf3 Nbd7 8. e5
Nh5 9. Ne2 Bh8 10. g4 Ng7 11. Bg2 Nb6 12. O-O f5 13. g5 Be6 14. b3 Bd5 15. Ng3
Be4 16. c4 d5 17. c5 Nd7 18. b4 a5 19. a3 Nb8 20. Qb3 Qd7 21. bxa5 Rxa5 22. a4
Ra7 23. Rf2 Na6 24. Bf1 Nc7 25. Nd2 Nge6 26. Ndxe4 dxe4 27. Bc4 Rfa8 28. h4 Bg7
29. h5 Nd5 30. Rd2 Nec7 31. h6 Bf8 32. Nf1 e6 33. Rdd1 Kf7 34. Kf2 Be7 35. Kg2
Qd8 36. Bc1 Rb8 37. Qc2 b5 38. cxb6 Rxb6 39. a5 Rb8 40. Be2 Rba8 41. Qxc6 Rxa5
42. Rxa5 Rxa5 43. Kg1 Bb4 44. Be3 Ra3 45. Bc1 Ra2 46. Bc4 Ra1 47. Bb3 Nc3 48.
d5 Nxd1 49. d6 Rxc1 50. Qxc1 Nc3 51. dxc7 Qxc7 52. Kg2 Qb6 53. Qc2 Qd4 54. Qf2
Qxf2+ 55. Kxf2 Bc5+ 56. Ke1 Nd5 0-1

[Event "17. Open de Sants Hostafrancs 2015"]
[Site "Barcelona ESP"]
[Date "2015.08.25"]
[Round "5.34"]
[White "Gonzalez Valero, Julio"]
[Black "Valdes Romero, Leonardo"]
[Result "0-1"]
[WhiteElo "2246"]
[BlackElo "2396"]
[PlyCount "82"]
[EventDate "2015.08.21"]
[EventType "swiss"]
[EventRounds "10"]
[EventCountry "ESP"]
[SourceTitle "Ajedrez en Madrid"]
[Source "lmi"]
[SourceDate "2015.08.21"]

1. d4 Nf6 2. Bg5 g6 3. Bxf6 exf6 4. c4 h5 5. g3 h4 6. Bg2 f5 7. Nc3 d6 8. e3 c6
9. Nge2 Nd7 10. Qd3 Nf6 11. O-O-O Ng4 12. Rdf1 Qe7 13. h3 Nf6 14. Kb1 Bg7 15.
Ka1 Bd7 16. Re1 O-O-O 17. f3 hxg3 18. Nxg3 Nh5 19. Nxh5 Rxh5 20. f4 Qh4 21. Re2
Rhh8 22. a3 Rhe8 23. Rhe1 Qh8 24. Ka2 Qh4 25. b4 Kc7 26. b5 Rb8 27. Rb1 Rec8
28. Reb2 Qg3 29. c5 dxc5 30. d5 cxb5 31. Nxb5+ Bxb5 32. Qxb5 Bxb2 33. Qxc5+ Kd7
34. Qb5+ Kd8 35. Rxb2 Qxe3 36. Re2 Rc5 37. Qb2 Qc3 38. d6 Qxb2+ 39. Kxb2 Rb5+
40. Kc3 Rb6 41. Bd5 Rc8+ 0-1

[Event "17. Open de Sants Hostafrancs 2015"]
[Site "Barcelona ESP"]
[Date "2015.08.25"]
[Round "5.35"]
[White "Lorenzo De La Riva, Lazaro"]
[Black "Gomez Jurado, Luis Alberto"]
[Result "1-0"]
[WhiteElo "2372"]
[BlackElo "2267"]
[PlyCount "63"]
[EventDate "2015.08.21"]
[EventType "swiss"]
[EventRounds "10"]
[EventCountry "ESP"]
[SourceTitle "Ajedrez en Madrid"]
[Source "lmi"]
[SourceDate "2015.08.21"]

1. e4 c6 2. Nc3 d5 3. Nf3 Nf6 4. e5 Ne4 5. Ne2 Qb6 6. d4 e6 7. Nfg1 c5 8. f3
cxd4 9. fxe4 Nc6 10. exd5 exd5 11. Nf3 Bc5 12. Nf4 O-O 13. Bd3 Bg4 14. O-O Nxe5
15. Qe1 Bxf3 16. Qxe5 Rae8 17. Qg5 h6 18. Qg3 Be4 19. Nh5 Qg6 20. Qxg6 fxg6 21.
Ng3 Rxf1+ 22. Nxf1 Bb6 23. Bd2 h5 24. a4 h4 25. a5 Bd8 26. a6 bxa6 27. Rxa6 Bb6
28. Ba5 Bxd3 29. cxd3 Re6 30. Bxb6 axb6 31. Ra4 h3 32. gxh3 1-0

[Event "17. Open de Sants Hostafrancs 2015"]
[Site "Barcelona ESP"]
[Date "2015.08.25"]
[Round "5.36"]
[White "Valderrama Quiceno, Esteban A"]
[Black "Kulon, Klaudia"]
[Result "1/2-1/2"]
[WhiteElo "2357"]
[BlackElo "2240"]
[PlyCount "45"]
[EventDate "2015.08.21"]
[EventType "swiss"]
[EventRounds "10"]
[EventCountry "ESP"]
[SourceTitle "Ajedrez en Madrid"]
[Source "lmi"]
[SourceDate "2015.08.21"]

1. c4 Nf6 2. Nf3 g6 3. g3 Bg7 4. Bg2 O-O 5. O-O d6 6. d4 Nc6 7. Nc3 Bf5 8. d5
Na5 9. Nd2 c6 10. e4 Bg4 11. Qa4 cxd5 12. cxd5 Rc8 13. Nb3 Nxb3 14. Qxb3 Qd7
15. Be3 b6 16. Rfc1 Bh3 17. f3 Bxg2 18. Kxg2 Qb7 19. Nb5 Nd7 20. Bd4 Bh6 21.
Be3 Bg7 22. Bd4 Bh6 23. Be3 1/2-1/2

[Event "17. Open de Sants Hostafrancs 2015"]
[Site "Barcelona ESP"]
[Date "2015.08.25"]
[Round "5.37"]
[White "Guezennec, Franck"]
[Black "Midoux, Sebastien"]
[Result "0-1"]
[WhiteElo "2228"]
[BlackElo "2344"]
[PlyCount "62"]
[EventDate "2015.08.21"]
[EventType "swiss"]
[EventRounds "10"]
[EventCountry "ESP"]
[SourceTitle "Ajedrez en Madrid"]
[Source "lmi"]
[SourceDate "2015.08.21"]

1. e4 e5 2. Nf3 Nc6 3. Bc4 Nf6 4. d3 Be7 5. Nbd2 O-O 6. c3 d6 7. Bb3 Kh8 8. O-O
Ng8 9. h3 f5 10. exf5 Bxf5 11. Ne4 h6 12. Ng3 Bh7 13. Qe2 Bf6 14. Nh5 Bg6 15.
Nxf6 Qxf6 16. Nh2 Qf5 17. Rd1 Rae8 18. Nf1 Nf6 19. Ne3 Qd7 20. Nd5 Ne7 21. Nxf6
Rxf6 22. Be3 Bf5 23. Kh2 Ref8 24. Rg1 Ng6 25. d4 e4 26. Bg5 Bg4 27. hxg4 hxg5
28. Qxe4 Re8 29. Qc2 Qxg4 30. Rh1 Nh4 31. f3 Nxf3+ 0-1

[Event "17. Open de Sants Hostafrancs 2015"]
[Site "Barcelona ESP"]
[Date "2015.08.25"]
[Round "5.38"]
[White "Martorell Aguado, Joan"]
[Black "Lopez Mulet, Inigo"]
[Result "0-1"]
[WhiteElo "2165"]
[BlackElo "2332"]
[PlyCount "86"]
[EventDate "2015.08.21"]
[EventType "swiss"]
[EventRounds "10"]
[EventCountry "ESP"]
[SourceTitle "Ajedrez en Madrid"]
[Source "lmi"]
[SourceDate "2015.08.21"]

1. c4 e5 2. Nc3 Bb4 3. g3 Bxc3 4. bxc3 d6 5. Bg2 f5 6. Nf3 Nf6 7. O-O O-O 8. d3
Qe8 9. Ne1 Qh5 10. Nc2 f4 11. gxf4 Bh3 12. e3 Qg6 13. Ne1 Nbd7 14. e4 exf4 15.
Bxf4 Nxe4 16. Bg3 Nxg3 17. hxg3 Bxg2 18. Nxg2 Ne5 19. f4 Ng4 20. Qf3 c6 21. Ne3
Ne5 22. Qg2 Qxd3 23. Rfe1 Nxc4 24. Qc2 Qxc2 25. Nxc2 Rfe8 26. Nd4 Kf7 27. Kf2
d5 28. a4 Rxe1 29. Rxe1 Nb2 30. Rb1 Nd3+ 31. Kf3 Nc5 32. a5 Rc8 33. Nf5 Rc7 34.
Rh1 Ne4 35. g4 Kg8 36. Rc1 Nd2+ 37. Kf2 Kf7 38. Rh1 h6 39. Rc1 Rd7 40. Ke2 Nb3
41. Rb1 Nxa5 42. Ra1 b6 43. Nd4 c5 0-1

[Event "17. Open de Sants Hostafrancs 2015"]
[Site "Barcelona ESP"]
[Date "2015.08.25"]
[Round "5.39"]
[White "Vidal, Llewellyn"]
[Black "Van Der Lende, Ilias"]
[Result "0-1"]
[WhiteElo "2117"]
[BlackElo "2332"]
[PlyCount "58"]
[EventDate "2015.08.21"]
[EventType "swiss"]
[EventRounds "10"]
[EventCountry "ESP"]
[SourceTitle "Ajedrez en Madrid"]
[Source "lmi"]
[SourceDate "2015.08.21"]

1. c4 e6 2. g3 d5 3. Bg2 Nf6 4. Nf3 dxc4 5. Qa4+ c6 6. Qxc4 b5 7. Qc2 Bb7 8. d4
Nbd7 9. Nc3 c5 10. dxc5 Bxc5 11. O-O Rc8 12. a3 Qb6 13. Qd3 Ng4 14. e3 Bxf3 15.
Bxf3 Nge5 16. Qe2 Nxf3+ 17. Qxf3 O-O 18. Qe2 a6 19. Bd2 Ne5 20. Ne4 Qc6 21. Ng5
h6 22. Bc3 Bd6 23. Bxe5 Bxe5 24. Nf3 Bxb2 25. Qxb2 Qxf3 26. Rac1 h5 27. h4 Qg4
28. Rfd1 Rc4 29. Rxc4 Qxd1+ 0-1

[Event "17. Open de Sants Hostafrancs 2015"]
[Site "Barcelona ESP"]
[Date "2015.08.25"]
[Round "5.40"]
[White "Narciso Dublan, Marc"]
[Black "Guennoun, Anthony"]
[Result "1-0"]
[WhiteElo "2532"]
[BlackElo "2086"]
[PlyCount "89"]
[EventDate "2015.08.21"]
[EventType "swiss"]
[EventRounds "10"]
[EventCountry "ESP"]
[SourceTitle "Ajedrez en Madrid"]
[Source "lmi"]
[SourceDate "2015.08.21"]

1. d4 d5 2. c4 c6 3. Nf3 Nf6 4. e3 Bf5 5. Nc3 a6 6. Be2 h6 7. Bd3 Bxd3 8. Qxd3
e6 9. O-O Bb4 10. Bd2 O-O 11. Rfd1 Bxc3 12. Bxc3 Ne4 13. Be1 Nd7 14. Rac1 f5
15. Nd2 Nxd2 16. Rxd2 Nf6 17. f3 Qd7 18. Bg3 Rad8 19. b4 dxc4 20. Qxc4 Nd5 21.
Re1 b5 22. Qb3 Nb6 23. Bh4 Ra8 24. e4 Nc4 25. Rdd1 a5 26. a4 axb4 27. axb5 cxb5
28. d5 fxe4 29. dxe6 Qa7+ 30. Bf2 Qa3 31. Qb1 e3 32. Bxe3 Nxe3 33. Rd3 Qa2 34.
Rdxe3 Qxb1 35. Rxb1 Ra3 36. Re5 Re8 37. Rxb4 Ra6 38. Rexb5 Raxe6 39. Rg4 Kf7
40. h4 Re5 41. Rbb4 R8e6 42. Kh2 Kf6 43. Rbf4+ Ke7 44. Rxg7+ Kd6 45. Rgf7 1-0

[Event "17. Open de Sants Hostafrancs 2015"]
[Site "Barcelona ESP"]
[Date "2015.08.25"]
[Round "5.41"]
[White "Dobrov, Vladimir"]
[Black "Bendayan Claros, Aaron"]
[Result "0-1"]
[WhiteElo "2527"]
[BlackElo "2200"]
[PlyCount "53"]
[EventDate "2015.08.21"]
[EventType "swiss"]
[EventRounds "10"]
[EventCountry "ESP"]
[SourceTitle "Ajedrez en Madrid"]
[Source "lmi"]
[SourceDate "2015.08.21"]

1. d4 Nf6 2. Nf3 e6 3. c4 d5 4. g3 dxc4 5. Bg2 Nc6 6. O-O Rb8 7. e3 b5 8. Qe2
Be7 9. b3 cxb3 10. axb3 O-O 11. Bb2 a6 12. Rc1 Bb7 13. Nbd2 Nb4 14. Ba3 Rc8 15.
Ne5 Bxg2 16. Kxg2 Qd5+ 17. Ndf3 a5 18. Bxb4 axb4 19. Nc6 Bd6 20. Ra5 Ra8 21.
Rxb5 Qxb3 22. Rc2 Nd5 23. Ng5 Ra4 24. Ne4 Qb1 25. Kh3 b3 26. Rxb3 Qxb3 27. Rb2
{ilegible (35)} 0-1

[Event "17. Open de Sants Hostafrancs 2015"]
[Site "Barcelona ESP"]
[Date "2015.08.25"]
[Round "5.42"]
[White "Karasik, Evgeni"]
[Black "Cuartas, Jaime Alexander"]
[Result "0-1"]
[WhiteElo "2217"]
[BlackElo "2503"]
[PlyCount "84"]
[EventDate "2015.08.21"]
[EventType "swiss"]
[EventRounds "10"]
[EventCountry "ESP"]
[SourceTitle "Ajedrez en Madrid"]
[Source "lmi"]
[SourceDate "2015.08.21"]

1. d4 d5 2. Nf3 Nf6 3. c3 g6 4. Bf4 Bg7 5. h3 O-O 6. e3 Nbd7 7. Nbd2 c5 8. Be2
b6 9. O-O Bb7 10. Ne5 Ne8 11. Ba6 Qc8 12. Bxb7 Qxb7 13. Nxd7 Qxd7 14. b4 Nc7
15. Bxc7 Qxc7 16. bxc5 bxc5 17. Nb3 c4 18. Nc5 e5 19. Qa4 exd4 20. exd4 Rfd8
21. Rab1 Bf8 22. Nb7 Rd7 23. Na5 Rd6 24. Rb7 Qd8 25. Qb5 Rb6 26. Rxb6 axb6 27.
Nc6 Qd7 28. Re1 Ra5 29. Qxb6 Rxa2 30. Ne5 Qf5 31. Rf1 Qe6 32. Qd8 Kg7 33. Nf3
Ra3 34. Re1 Qd6 35. Qe8 Rxc3 36. Ng5 Qf4 37. Nf3 Rc1 38. Qe2 Bd6 39. Rd1 c3 40.
Rxc1 Qxc1+ 41. Ne1 c2 42. g4 Qd1 0-1

[Event "17. Open de Sants Hostafrancs 2015"]
[Site "Barcelona ESP"]
[Date "2015.08.25"]
[Round "5.43"]
[White "Capellades Subirana, Marc"]
[Black "Andersen, Mads"]
[Result "0-1"]
[WhiteElo "2199"]
[BlackElo "2467"]
[PlyCount "138"]
[EventDate "2015.08.21"]
[EventType "swiss"]
[EventRounds "10"]
[EventCountry "ESP"]
[SourceTitle "Ajedrez en Madrid"]
[Source "lmi"]
[SourceDate "2015.08.21"]

1. e4 c5 2. Nf3 e6 3. d4 cxd4 4. Nxd4 Nc6 5. Nc3 Qc7 6. Be3 a6 7. a4 Nf6 8.
Nxc6 bxc6 9. Bd3 Rb8 10. Rb1 Bb4 11. O-O d5 12. exd5 cxd5 13. Bd4 Bc5 14. Bxf6
gxf6 15. Qg4 Kf8 16. Qh4 Qe5 17. Qh6+ Kg8 18. Rfe1 Qg5 19. Qxg5+ fxg5 20. Na2
a5 21. Bb5 Kg7 22. Nc1 Bb6 23. Nd3 Bb7 24. Kf1 Rbc8 25. c3 Rc7 26. f4 gxf4 27.
Nxf4 Kf6 28. Ke2 h5 29. Kd2 e5 30. Nd3 e4 31. Rf1+ Ke6 32. Nf4+ Ke5 33. Rbe1
Rh6 34. h4 d4 35. Be2 f5 36. Bxh5 e3+ 37. Kc2 Be4+ 38. Kb3 d3 39. g4 fxg4 40.
Bxg4 Rxh4 41. Nxd3+ Bxd3 42. Be2 Bxe2 43. Rxe2 Rf4 44. Rh1 Rf2 45. Ree1 Ke4 46.
Rh6 Bc5 47. Rh5 Rf5 48. Rh2 Rb7+ 49. Kc2 Rbf7 50. Rh4+ Rf4 51. Rh5 R7f5 52. Rh8
Re5 53. Rh2 Rd5 54. Rhe2 Rf3 55. Rh2 Bd6 56. Rh4+ Rf4 57. Rh2 Rg4 58. Rh8 Rg2+
59. Kb3 Kd3 60. Rd1+ Rd2 61. Re1 Bg3 62. Reh1 Rd7 63. Re8 Rb7+ 64. Ka3 Bd6+ 65.
Ka2 Rbxb2+ 66. Ka1 Ra2+ 67. Kb1 Rdb2+ 68. Kc1 Rb6 69. Rd1+ Ke2 0-1